000 01168cam a2200133 4500500
005 20260329024534.0
041 _afre
042 _adc
100 1 0 _aLa Marne, Paula
_eauthor
245 0 0 _aVers une mort solidaire
260 _bPresses Universitaires de France,
_c2005.
520 _aPar crainte de l’acharnement thérapeutique et de la perte de la dignité de la personne, un parti du «droit de mourir» et de négocier sa propre fin s’est formé dans les sociétés modernes. Peut-on éluder l’existence d’un conflit éthique profond entre le droit de précipiter sa mort et l’interdit du meurtre dans des sociétés qui ont aboli la peine de mort et engagé des campagnes de prévention du suicide au nom du caractère sacré de la vie ? Quelle conduite choisir ? Quels principes gouvernent ces pratiques, quelles nouvelles lois les encadrent ? Quel dialogue peut s’installer ? Quelles pratiques se mettent en place ?Cet ouvrage se propose de répondre à toutes ces questions.
856 4 1 _uhttps://shs.cairn.info/vers-une-mort-solidaire--9782130546368?lang=fr&redirect-ssocas=7080
999 _c1934603
_d1934603